Statistics for Countries With the Most Heritage Sites

Click here to take the quiz!

General Stats

  • This quiz has been taken 46 times
  • The average score is 19 of 20

Answer Stats

RankCountryNumber of Sites% Correct
#1Italy53
100%
#14Australia19
98%
#13Brazil21
98%
#2China52
98%
#6India36
98%
#12Japan21
98%
#9Russia28
98%
#3Spain46
98%
#8United Kingdom31
98%
#10United States23
98%
#4France43
96%
#7Mexico34
96%
#5Germany42
93%
#17Turkey16
93%
#16Canada18
91%
#15Greece18
91%
#20Sweden15
89%
#18Poland15
87%
#19Portugal15
87%
#11Iran22
74%

Score Distribution

Percentile by Number Answered

Percent of People with Each Score

Your Score History

You have not taken this quiz